| 000 | 00489nab a2200145Ia 4500 | ||
|---|---|---|---|
| 003 | ES-SlBCS | ||
| 005 | 20210601125450.0 | ||
| 008 | 140529s1981-82 xxu||||| |||| 00| 0 eng d | ||
| 041 | _aeng | ||
| 100 | 1 |
_aReed, Edward S. _9158975 |
|
| 245 | 0 | 0 |
_aDescartes' Corporeal Ideas Hypothesis and the Origin of Scientific Psychology _c Edward S. Reed |
| 600 | 1 | 4 |
_aDescartes-Psicología Científica _9158976 |
| 773 | 0 |
_tReview of Methaphysics _gvol. 35, 1981-82, págs. 731-752 _wRev843 |
|
| 942 | _cAR | ||
| 999 |
_c530776 _d530776 |
||